Statistics for Imagine Dragons - Demons lyrics

Click here to take the quiz!

General Stats

  • This quiz has been taken 120 times
  • The average score is 259 of 309

Answer Stats

Lyrics% Correct
demons
95%
hide
95%
I
95%
the
95%
in
94%
my
94%
where
94%
you
94%
and
93%
are
93%
to
92%
when
92%
When
92%
no
91%
don't
90%
eyes
90%
go
90%
inside
90%
it's
90%
look
90%
of
90%
we
90%
made
88%
this
88%
all
86%
can
86%
into
86%
is
86%
days
85%
kingdom
85%
what
85%
matter
84%
beast
83%
but
83%
dark
83%
truth
83%
cold
82%
come
82%
now
82%
wanna
82%
close
81%
get
81%
gold
80%
see
80%
there's
80%
too
80%
your
80%
feel
77%
with
77%
dreams
76%
nowhere
76%
shelter
76%
so
76%
greed
75%
still
75%
me
74%
heat
73%
they
73%
fold
72%
let
72%
breed
70%
worst
70%
cards
69%
how
69%
fail
66%
for
66%
light
66%
saints
66%
soul
66%
up
66%
say
65%
show
65%
down
64%
need
64%
ones
64%
that
64%
unless
63%
hail
61%
am
60%
bright
60%
fate
60%
hell
60%
last
60%
shine
60%
can't
59%
fade
59%
make
59%
out
59%
run
59%
blood's
58%
save
58%
bound
57%
call
57%
sinners
57%
escape
56%
lights
56%
grave
55%
woven
55%
dug
53%
mess
53%
you've
53%
crawl
51%
stale
51%
masquerade
50%
will
49%
though
48%
curtain's
44%
at
43%
calling
40%

Score Distribution

Percentile by Number Answered

Percent of People with Each Score

Your Score History

You have not taken this quiz